000 02711nam0a2200445 4500
001 RU\NLR\bibl\1049721
005 20260405061215.0
010 _a5-98681-020-1
_91000
021 _aRU
_b2006-85709
_94346
035 _a(nilc)RSL-KNO-003016247
035 _a(NLR Aleph) 001037050
090 _a794925
_c794925
100 _a20061226d2006 |||y0rusy50 ca
101 0 _arus
102 _aRU
105 _aa zzzz|||||
200 1 _aСимультанные операции на открытом сердце и органах брюшной полости
_f[В.И. Шумаков, Д.В. Шумаков, Р.М. Евтихов и др.]
_gпод ред. акад. В.И. Шумакова
210 _aМосква
_cПрофиль
_d2006
215 _a214 с., [10] л. цв. ил.
_cил.
_d22
300 _aНа 3-й с. авт.: Шумаков В.И. - д.чл. РАН и РАМН, лауреат гос. премий СССР и РФ, засл. деят. науки РФ, д.м.н., проф., Шумаков Д.В. - чл.-корр. РАМН, д.м.н., проф., Евтихов Р.М. - засл. врач РФ, д.м.н., проф. [и др.]
300 _aАвт. указаны на обороте тит.л.
320 _aБиблиогр.: с. 198-214 (252 назв.)
606 1 _aСердечно-сосудистая система
_xБолезни
_xХирургическое лечение
_91501773
_3RU\NLR\auth\66953034
606 1 _aБрюшной полости органы
_xБолезни
_xХирургическое лечение
_91188487
_3RU\NLR\auth\66161463
610 0 _aЗдравоохранение. Медицинские науки -- Хирургия -- Абдоминальная хирургия -- Операции на органах брюшной полости -- Пособие для специалистов
610 0 _aЗдравоохранение. Медицинские науки -- Хирургия -- Грудная хирургия -- Кардиохирургия -- Пособие для специалистов
686 _aР457.445,07
_2rubbk
686 _aР457.345.1,07
_2rubbk
686 _aР457.365.01-59
686 _aР457.465-59
701 1 _4070
_8rus
_7ca
_aШумаков
_bВ. И.
_f1931-2008
_gВалерий Иванович
_3RU\NLR\auth\7720286
_93354
701 1 _aШумаков
_bД. В.
_gДмитрий Валерьевич
_4070
701 1 _aЕвтихов
_bР. М.
_gРудольф Михайлович
_4070
801 0 _aRU
_bРКП
_c20061226
_grcr
801 1 _aRU
_bРГБ
_c20061226
801 2 _aRU
_bNLR
_c20070221
_grcr
830 _aАвт. по кн.
942 _cBOOK
980 _aNB